logo

Bir Sreshtho Munshi Abdur Rouf Library
Jhenaidah Cadet College

Muntakhabu-T-Tawarikh / (Record no. 4614)

MARC details
000 -LEADER
fixed length control field 00569nam a2200217 a 4500
001 - CONTROL NUMBER
JCCL Control Number 4614
003 - CONTROL NUMBER IDENTIFIER
JCCL marc code BD-JhCC
005 - DATE AND TIME OF LATEST TRANSACTION
control field 20171129200849.0
008 - FIXED-LENGTH DATA ELEMENTS--GENERAL INFORMATION
fixed length control field 171129s1973 ii |||| || | 001 0 eng d
035 ## - SYSTEM CONTROL NUMBER
system control number (BD-JhCC)4614
040 ## - CATALOGING SOURCE
Original cataloging agency BD-JhCC
Modifying agency BD-JhCC
041 ## - LANGUAGE CODE
Language code of Book eng
082 ## - DEWEY DECIMAL CLASSIFICATION NUMBER
Classification number 954.2
Author mark and Year SHA 1973
100 ## - MAIN ENTRY--PERSONAL NAME
Personal name Shah, Abdu-L-Qadir Ibn-I-Muluk
245 ## - TITLE STATEMENT
Title Muntakhabu-T-Tawarikh /
Statement of responsibility, etc Abdu-L-Qadir Ibn-I-Muluk Shah
260 ## - PUBLICATION, DISTRIBUTION, ETC. (IMPRINT)
Place of publication, distribution, etc Patna :
Name of publisher, distributor, etc Academica Asiatica,
Date of publication, distribution, etc 1973.
300 ## - PHYSICAL DESCRIPTION
Pagination 637 p. :
Dimensions 22 cm.
650 ## - SUBJECT ADDED ENTRY--TOPICAL TERM
Topical term or geographic name as entry element Muslims
Geographic subdivision India
942 ## - ADDED ENTRY ELEMENTS (KOHA)
Source of classification or shelving scheme Dewey Decimal Classification
Koha item type Books
Holdings
Source of classification or shelving scheme Damaged status Not for loan Home library Current library Shelving location Date of accession Total Checkouts Full call number Barcode Date last seen Copy number Koha item type
Dewey Decimal Classification     JCC Rouf Library JCC Rouf Library General Stacks 11/29/2017   954.2 SHA 1973 6340 11/29/2017 C- 1 Books

JCC Library | Contacts | JCC Home

Last Update on 23 September 2017
Copyright @ 2017-2020 JCC Rouf Library
Rouf Library, Jhenidah Cadet College (JCC), Bangladesh